Compensatory education for disadvantaged mexican students : (Record no. 213780)

MARC details
000 -CABECERA
campo de control de longitud fija 00895nam a22002297a 4500
003 - IDENTIFICADOR DEL NÚMERO DE CONTROL
campo de control UPN
005 - FECHA Y HORA DE LA ÚLTIMA TRANSACCIÓN
campo de control 20251112063916.0
008 - ELEMENTOS DE LONGITUD FIJA--INFORMACIÓN GENERAL
campo de control de longitud fija 250818s2004 xxu |||frs||||001 0 eng d
040 ## - FUENTE DE LA CATALOGACIÓN
Centro catalogador/agencia de origen MX-MxUPN
Lengua de catalogación spa
Centro/agencia transcriptor MX-MxUPN
041 0# - CÓDIGO DE IDIOMA
Código de lengua del texto/banda sonora o título independiente eng
050 14 - SIGNATURA TOPOGRÁFICA DE LA BIBLIOTECA DEL CONGRESO
Número de clasificación LC213 S52
Número de documento/Ítem 2004
100 1# - ASIENTO PRINCIPAL--NOMBRE PERSONAL
Nombre de persona Shapiro, Joseph
9 (RLIN) 57392
100 1# - ASIENTO PRINCIPAL--NOMBRE PERSONAL
Nombre de persona Moreno Treviño, Jorge
9 (RLIN) 57393
245 10 - MENCIÓN DE TÍTULO
Título Compensatory education for disadvantaged mexican students :
Resto del título an impact evaluation using propensity score matching
260 ## - PUBLICACIÓN, DISTRIBUCIÓN, ETC.
Lugar de publicación, distribución, etc. Washington, DC :
Nombre del editor, distribuidor, etc. The World Bank Latin America and the Caribbean Region Human Development Sctor Unit,
Fecha de publicación, distribución, etc. 2004
300 ## - DESCRIPCIÓN FÍSICA
Extensión 42 páginas
490 0# - MENCIÓN DE SERIE
Mención de serie Policy Resaearch Working Paper;
Designación de volumen o secuencia 3334
650 #4 - ASIENTO SECUNDARIO DE MATERIA - TERMINO TEMATICO
Término de materia o nombre geográfico como elemento de entrada Educación compensatoria
Subdivisión geográfica México
Subdivisión general Evaluación
9 (RLIN) 57864
650 #4 - ASIENTO SECUNDARIO DE MATERIA - TERMINO TEMATICO
Término de materia o nombre geográfico como elemento de entrada Educación inclusiva
Subdivisión geográfica México
9 (RLIN) 4705
902 ## - ELEMENTOS DE DATOS B LOCAL, LDB (RLIN)
Creó Maiella Martínez / 18082025
Modificó Berenice Martínez/180925
942 ## - ELEMENTOS DE PUNTO DE ACCESO ADICIONAL (KOHA)
Fuente del sistema de clasificación o colocación Library of Congress Classification
Tipo de ítem Koha Folleto
Suprimir en OPAC No
Holdings
Estado de retiro Estado de pérdida Fuente del sistema de clasificación o colocación Estado dañado No para préstamo Código de colección Localización permanente Ubicación/localización actual Ubicación en estantería Fecha de adquisición Total de préstamos Clasificación Código de barras Fecha visto por última vez Precio válido a partir de Tipo de ítem Koha Número de copia
    Library of Congress Classification   Disponible (Préstamo en sala) UNESCO Bib. Gregorio Torres Quintero Bib. Gregorio Torres Quintero Colecciones especiales Planta alta 18/08/2025   LC213 S52 2004 U14115 18/08/2025 18/08/2025 Folleto  
    Library of Congress Classification   Disponible (Préstamo en sala) UNESCO Bib. Gregorio Torres Quintero Bib. Gregorio Torres Quintero Colecciones especiales Planta alta 18/09/2025   LC213 S52 2004 U14092 18/09/2025 18/09/2025 Folleto Ej.2